| 000 | 00751nas a2200241 4500 | ||
|---|---|---|---|
| 001 | BR9606486 | ||
| 003 | BR-BrBNA | ||
| 005 | 20231205095846.0 | ||
| 007 | ta | ||
| 008 | 230509b bl.|||p| |||| 00| 00por d | ||
| 040 |
_aBR-BrBNA _bpor _cBiblioteca Nacional de Agricultura |
||
| 041 | _a(Pt) | ||
| 072 | _aF62 | ||
| 100 | 1 | _aSilveira, L.R.M. | |
| 100 | 1 | _aMoraes, C.F. de | |
| 245 | 1 | _aDeterminacao do modo de reproducao em capim-gordura (Melinis minutiflora Beauv.)por padroes enzimaticos | |
| 650 | _aCapim Gordura | ||
| 650 | _aReproducao Vegetal | ||
| 650 | _aEnzima | ||
| 773 | 0 |
_tCiencia Rural (Brazil) _xISSN 0103-8478 _g(Jan-Apr 1996), v. 26(1) p. 39-44 _wBR9606486 |
|
| 909 |
_a202311 _bLúcia _c55 _dLúcia Elande |
||
| 942 |
_2AGRIS _n0 _cANA |
||
| 999 |
_c153131 _d153131 |
||